Infancias soñadas y otros ensayos / (Registro nro. 11143)

Detalles MARC
000 -LIDER
fixed length control field 01025nam a2200325 b 4500
001 - NÚMERO DE CONTROL
Identificador de número de control 0000609
003 - IDENTIFICACDOR DE NÚMERO DE CONTROL
control field DO-SdBNP
005 - DATE AND TIME OF LATEST TRANSACTION
control field 20240524093335.0
007 - CAMPOS FIJOS DE DESCRIPCIÓN FÍSICA
fixed length control field 0000609
008 - ELEMENTOS DE LONGITUD FIJA
fixed length control field 0506172002 sp spa
017 ## - NÚMERO DE REGISTRO DE DERECHOS DE AUTOR
Copyright or legal deposit number
Assigning agency
020 ## - ISBN
International Standard Book Number 8489384371
035 ## - NÚMERO LOCAL
System control number
040 ## - FUENTE DE CATALOGACIÓN
Agencia que crea de manera original el registro BPMSU
Idioma de catalogación spa
Agencia que realiza la transcripción BPMSU
Convenciones de la despripción
082 #4 - NÚMERO DE CLASIFICACIÓN DECIMAL DE DEWEY
Classification number 864.6
Item number J33i 2002
Edition number 22
100 1# - ASIENTO PRINCIPAL -- NOMBRE PERSONAL
Nombre personal Janer Manila, Gabriel,
Fechas asociadas con el nombre 1940-
245 10 - MENCIÓN DE TITULO
Título Infancias soñadas y otros ensayos /
Mención de responsabilidad Gabriel Janer Manila. ; Edición Mariángeles Fernández
Medio (Designación general de material)
260 ## - PUBLICACIÓN, DISTRIBUCIÓN, ETC. (PIE DE IMPRENTA)
Lugar de publicación, distribución, etc Madrid :
Nombre del editor, distribuidor, etc. Fundación Germán Sánchez Ruipérez,
Fecha de publicación, distribución, etc 2002.
300 ## - DESCRIPCIÓN FÍSICA
Extensión 233 p. ;
Dimensiones 23 cm
490 0# - MENCIÓN DE SERIES
Mención de serie El árbol de la memoria
500 ## - NOTA GENERAL
Nota general Incluye índice analítico.
504 ## - NOTA DE BIBLIOGRAFÍA, ETC.
Bibliography, etc Bibliografía p: 214
590 ## - NOTA LOCAL
Texto de la nota local Inventariado, 2024/VM
650 #4 - ENCABEZAMIENTO DE MATERIA--TEMÁTICO
Término temático o nombre geográfico como elemento de entrada Ensayos españoles
650 #4 - ENCABEZAMIENTO DE MATERIA--TEMÁTICO
Término temático o nombre geográfico como elemento de entrada Literatura juvenil
Subdivisión temática general Crítica e interpretación
700 1# - ASIENTO SECUNDARIO -- NOMBRE PERSONAL
Nombre personal Mariángeles Fernández
710 2# - ASIENTO SECUNDARIO -- NOMBRE CORPORATIVO
Nombre corporativo o de jurisdicción Fundación Germán Sánchez Ruipérez,
910 ## - VALIDACIÓN
Validación VMateo V. Control de calidad. BPMSU
942 ## - ADDED ENTRY ELEMENTS (KOHA)
Source of classification or shelving scheme Dewey Decimal Classification
Koha item type Libros
Existencias
Withdrawn status Lost status Source of classification or shelving scheme Damaged status Not for loan Collection code Home library Current library Date acquired Source of acquisition Total Checkouts Full call number Barcode Date last seen Price effective from Koha item type
    Dewey Decimal Classification     Colección General Biblioteca Pública Metropolitana Salomé Ureña Biblioteca Pública Metropolitana Salomé Ureña 08/10/2016 Fundación Germán Sánchez Ruipérez   BPMSU CJG 864.6 J33i 2002 BPMSU16080153 08/10/2016 08/10/2016 Libros